The least developed countries report 2013 : growth with employment for sustainable development (Record no. 80474)
[ view plain ]
| 000 -LEADER | |
|---|---|
| fixed length control field | 00957nam a2200253 a 4500 |
| 003 - CONTROL NUMBER IDENTIFIER | |
| control field | CBULib |
| 005 - DATE AND TIME OF LATEST TRANSACTION | |
| control field | 20240516134742.0 |
| 008 - FIXED-LENGTH DATA ELEMENTS--GENERAL INFORMATION | |
| fixed length control field | 140429s2013 ||||||||||||||||| || u |
| 020 ## - INTERNATIONAL STANDARD BOOK NUMBER | |
| International Standard Book Number | 9789211128642 |
| 040 ## - CATALOGING SOURCE | |
| Transcribing agency | CBULib |
| Language of cataloging | English |
| Description conventions | rda |
| 050 ## - LIBRARY OF CONGRESS CALL NUMBER | |
| Classification number | UNCTAD(058)LDCR/2013 |
| 110 ## - MAIN ENTRY--CORPORATE NAME | |
| Corporate name or jurisdiction name as entry element | United Nations Conference on Trade and Development (UNCTAD) |
| 245 14 - TITLE STATEMENT | |
| Title | The least developed countries report 2013 : growth with employment for sustainable development |
| Statement of responsibility, etc | / by United Nations Conference on Trade and Development (UNCTAD) |
| 260 ## - PUBLICATION, DISTRIBUTION, ETC. (IMPRINT) | |
| Place of publication, distribution, etc | New York : |
| Name of publisher, distributor, etc | United Nations, |
| Date of publication, distribution, etc | 2013 |
| 300 ## - PHYSICAL DESCRIPTION | |
| Extent | ix, 184 pages : illustrations |
| 336 ## - CONTENT TYPE | |
| Source | rdacontent |
| Content type term | Text | |
| Content type code | txt |
| 337 ## - MEDIA TYPE | |
| Source | rdamedia |
| Media type term | Unmediated | |
| Media type code | n |
| 338 ## - CARRIER TYPE | |
| Source | rdacarrier |
| Carrier type term | Volume |
| Carrier type code | nc |
| 650 ## - SUBJECT ADDED ENTRY--TOPICAL TERM | |
| Topical term or geographic name as entry element | SUSTAINABLE DEVELOPMENT--CASE STUDIES |
| 650 #0 - SUBJECT ADDED ENTRY--TOPICAL TERM | |
| Topical term or geographic name as entry element | SUSTAINABLE DEVELOPMENT |
| 650 ## - SUBJECT ADDED ENTRY--TOPICAL TERM | |
| Topical term or geographic name as entry element | LEAST DEVELOPED COUNTRIES |
| 650 ## - SUBJECT ADDED ENTRY--TOPICAL TERM | |
| Topical term or geographic name as entry element | LEAST DEVELOPED COUNTRIES -- ECONOMIC CONDITIONS |
| 942 ## - ADDED ENTRY ELEMENTS (KOHA) | |
| Koha item type | INTERNATIONAL PUBLICATIONS |
| Source of classification or shelving scheme | |
| Withdrawn status | Lost status | Source of classification or shelving scheme | Damaged status | Not for loan | Collection code | Permanent Location | Current Location | Shelving location | Date acquired | Source of acquisition | Full call number | Barcode | Date last seen | Copy number | Price effective from | Koha item type | Total Checkouts |
|---|---|---|---|---|---|---|---|---|---|---|---|---|---|---|---|---|---|
| Special Collections | CBU-MAIN LIBRARY, KITWE. | CBU-MAIN LIBRARY, KITWE. | Special Collections | 06/30/2023 | DEP-UNCTAD | UNCTAD(058)LDCR/2013A | B1274 | 06/30/2023 | 1 | 06/30/2023 | INTERNATIONAL PUBLICATIONS | ||||||
| Special Collections | CBU-MAIN LIBRARY, KITWE. | CBU-MAIN LIBRARY, KITWE. | Special Collections | 06/30/2023 | DEP-UNCTAD | UNCTAD(058)LDCR/2013B | B1598 | 06/30/2023 | 2 | 06/30/2023 | INTERNATIONAL PUBLICATIONS | ||||||
| Special Collections | CBU-MAIN LIBRARY, KITWE. | CBU-MAIN LIBRARY, KITWE. | Special Collections | 06/30/2023 | DEP-UNCTAD | UNCTAD(058)LDCR/2013C | B2138 | 05/16/2024 | 3 | 06/30/2023 | INTERNATIONAL PUBLICATIONS |